Phrygian Toccata

Hlavní autor: Týnský, Richard, 1909-1974
Další autoři: Janáček, Bedřich, 1920-2007
Jazyk: Nelze použít, není lingvistický obsah
Vydáno: London : Novello, 1960
Edice: International Series of Comtemporary Organ Musi
Fyzický popis: 8 s.
Hudebniny Hudebniny
Uloženo v:
LEADER 00876ncm a22002412a 4500
001 001231765
003 CZ BrMZK
005 20120718093759.0
007 qu
008 120718s1960 xxk|||||||||||||||||zxx d
040 |a BOA001  |b cze 
072 7 |a 786  |x Hudba pro klávesové nástroje  |2 Konspekt  |9 9 
100 1 |a Týnský, Richard,  |d 1909-1974  |7 ola200205820  |4 cmp 
245 1 0 |a Phrygian Toccata  |h [hudebnina] /  |c Richard Týnský ; ed. by Bedrich Janaček 
260 |a London :  |b Novello,  |c 1960 
300 |a 8 s. 
490 1 |a International Series of Comtemporary Organ Music ;  |v no. 3 
700 1 |a Janáček, Bedřich,  |d 1920-2007  |7 jn20000401207  |4 edt 
830 0 |a International Series of Comtemporary Organ Musi 
910 |a BOA001  |b Mus4-0587.982 
990 |a MU 
991 |b 201207 
996 6 |b 2619097965  |c Mus4-0587.982  |l MZK  |r Sklad / do 1 hodiny  |n 0  |w 001265551  |u 000010  |a 1  |e BOA001  |j MZK50  |s P